000 03916nkm0a2200493 4500
001 RU\NLR\bibl\2086113
005 20250806204023.0
020 _aRU
_b1032
_9ЛЕНИНГРАД В ВЕЛИКОЙ ОТЕЧЕСТВЕННОЙ ВОЙНЕ : Печать Ленинграда, 1941 - 1945 : каталог изданий, хранящихся в фондах Гос. Публ. б-ки, вып.2. Листовки, плакаты, открытки, альбомы / Гос. публ. б-ка им. М.Е. Салтыкова-Щедрина. - Ленинград, 1972
020 _aRU
_b44-1869 (вып. 1944, N 1/2)
_9Летопись изоизданий / ВКП. - Москва, 1944. - Вып. 1944, N 1/2
035 _a(NLR Aleph) 010197783
071 5 0 _d15 к.
090 _a76074
_c76074
100 _a20131128d1941 u y0rusy50 ca
101 0 _arus
102 _aRU
116 _aiiyc||||||bi ae
135 _acrcn 024apaba
200 1 _aО хвостах и крестах
_bИзоматериал
_eЗачем машинам на хвосты Фашисты ставили кресты? Чтоб каждый хвост стоял потом Могильным памятным крестом
_eпочтовая карточка
_fхуд.: Н. Муратов
210 _aЛенинград
_cПолиграфмастерская ЛССХ
_d[1941?]
215 _a1 л. (2 изобр., 4 строки текста)
_cцв. литогр.
_d14,3х9,8
300 _aЦенз. разрешение: М81169
321 1 _aСражающийся Ленинград. Почтовая открытка = Postcard. Leningrad in strugle : энциклопедический каталог / А.Д. Гдалин, М.Р. Иванова ; [Союз проф. литераторов России и др.]. - Санкт-Петербург : Инфо-Да, 2007.
_c064
325 1 _aЭлектронная копия доступна в Электронной библиотеке РНБ
327 0 _aФашистский самолет, подготавливаемый к вылету; фашистский самолет, врезавшийся в землю (карикатуры)
517 1 _aЗачем машинам на хвосты Фашисты ставили кресты? Чтоб каждый хвост стоял потом Могильным памятным крестом
540 1 _aФашистский самолет, подготавливаемый к вылету; фашистский самолет, врезавшийся в землю (карикатуры)
606 1 _aБлокада Ленинграда
_z1941 - 1944
_xИзображение на почтовых открытках маркированных художественных
_z1941 - 1945
_2nlr_sh2
_3RU\NLR\auth\6601539002
686 _aЩ153(2Р=Рус)7-489
686 _aЩ153(2Р=Рус)7-3
700 1 _aМуратов
_bН. Е.
_cхудожник, карикатурист
_f1908-ок.1992
_gНиколай Евгеньевич
_3RU\NLR\AUTH\770127670
_4040
801 0 _aRU
_bNLR
_c19720101
_gPSBO
801 1 _aRU
_bNLR
_c20131128
_gRCR
852 _aNLR
_bЛ3-310о
_j30/3
856 0 _uhttp://vivaldi.nlr.ru/lo000070517/view
856 1 _uhttp://vivaldi.nlr.ru/lo000070517/cover
856 2 _uhttp://vivaldi.nlr.ru/lo000070517/text
901 _eИзографические материалы
942 _cVISUAL
945 _aРоссийская национальная библиотека
980 _aBV
981 3 7 _a(37) Ленинград в Великой Отечественной войне
_b(37) Открытки блокадного Ленинграда
981 1 7 _a(17) Изографические материалы
_b(17) Открытки